000 00935cam a2200313 i 4500
001 768714001
003 CO-MdFUSB
005 20241205124058.0
007 ta
008 241204t1982 -sp||||| |||| 00| 0 spa d
020 _a84-254-1268-4
040 _cCO-MdFUSB
041 0 _aspa
082 0 4 _223
_a238
_bL881t
100 1 _aLossky, Vladimir (1903-1958)
_eautor
245 1 0 _aTeología mística de la iglesia de oriente
_c/ Vladimir Lossky ; traducido por Francisco Gutiérrez
264 1 _aBarcelona, España :
_bHerder,
_c[1982]
264 4 _c©1982
300 _a207 páginas
336 _atexto
_btxt
_2rdacontent
337 _2rdamedia
_asin mediación
_bn
338 _2rdacarrier
_avolumen
_bnc
500 _aTítulo original : Theologie mystique de l'Eglise d'Orient
563 _aRustico
653 _aMisticismos
700 _aGutiérrez Sanín, Francisco,
_94563
_eTraductor
942 _cBK
945 _aMiguel
999 _c35217
_d35217